Statistics for Countries that Start with B on a Map

Click here to take the quiz!

General Stats

  • This quiz has been taken 34 times
  • The average score is 16 of 17

Answers on the Map

Answers color-coded by a green-red scale on the quiz's map according to % correct below.
 

Answer Stats

HintHintCountry% Correct
391.091.0Belgium
100%
584.1169.4Bhutan
100%
236.0319.0Bolivia
100%
435.0336.1Botswana
100%
266294Brazil
100%
209.0180.9Bahamas
97%
246.5217.0Barbados
97%
443.481.2Belarus
97%
421.0113.0Bosnia and
Herzegovina
97%
437.8117.9Bulgaria
97%
583.0181.8Bangladesh
94%
180.9203.6Belize
94%
377.0219.0Burkina Faso
91%
447.8272.6Burundi
91%
494.3174.0Bahrain
88%
385.7225.0Benin
88%
638.6246.1Brunei
88%

Score Distribution

Percentile by Number Answered

Percent of People with Each Score

Your Score History

You have not taken this quiz